| 000 | 01047nam a22003017a 4500 | ||
|---|---|---|---|
| 003 | CHAP | ||
| 005 | 20220329140039.0 | ||
| 008 | 971013s1978 r 10010 d | ||
| 010 | _a46171 | ||
| 011 | _a47143 | ||
| 035 | _a51285 | ||
| 040 | _cCHAP | ||
| 082 |
_a026.63 _bR4p 1978 |
||
| 111 | 0 | 0 |
_aReunión Interamericana de Bibliotecarios y Documentalistas Agrícolas ( _n5 _d: 1978 _c: San José, C. R.) _996383 |
| 245 | _aPonencias | ||
| 260 |
_aTurrialba : _bAsociación Interamericana de Bibliotecarios y Documentalistas Agrícolas, _c(1978) |
||
| 300 | _aPag. var. | ||
| 590 |
_aBATCH-UPD _b10 _c20130110 _lUCH01 _h1253 |
||
| 590 |
_aBATCH-UPD _b10 _c20130410 _lUCH01 _h0814 |
||
| 590 |
_aBATCH-UPD _b10 _c20130914 _lUCH01 _h0109 |
||
| 590 |
_aCONVERSION _b10 _c20130109 _lUCH01 _h1325 |
||
| 650 | 1 | 4 |
_aAgricultura _xServicios de información. _91791 |
| 650 | 1 | 4 |
_aBibliotecas agrícolas _xCongresos. _912542 |
| 650 | 1 | 4 |
_aDocumentación. _933172 |
| 901 | _aBK | ||
| 942 | _cLIBRO | ||
| 949 |
_a026.63 R4p 1978 _bBC _cB _d-114812 _eB _h60801 _i51285 _si |
||
| 999 |
_c46171 _d46171 |
||